Las Casas, una hoguera en el Amanecer / (Record no. 935)

000 -CABECERA
fixed length control field 00768nam a22002297a 4500
003 - IDENTIFICADOR DEL NÚMERO DE CONTROL
control field AR-CdUCM
008 - DATOS DE LONGITUD FIJA--INFORMACIÓN GENERAL
fixed length control field 190225b ||||| |||| 00| 0 spa d
020 ## - NÚMERO INTERNACIONAL ESTÁNDAR DEL LIBRO
ISBN 8472323900
040 ## - FUENTE DE LA CATALOGACIÓN
Agencia/entidad que catalogó originalmente la obra MUNICIPALIDAD PROVINCIAL DEL CUSCO
Entidad que transcribió la catalogación BIBLIOTECA MUNICIPAL DEL CUSCO
082 ## - NÚMERO DE LA CLASIFICACIÓN DECIMAL DEWEY
No. de Clasificación 868.6 /
Notacion interna SA18
100 ## - ENTRADA PRINCIPAL--NOMBRE DE PERSONA
Nombre Personal Salom, Jaime
245 ## - MENCIÓN DE TÍTULO
Título Las Casas, una hoguera en el Amanecer /
Mención de responsabilidad Salom, Jaime
260 ## - PUBLICACIÓN, DISTRIBUCIÓN, ETC.
Lugar de publicación, distribución, etc. Madrid :
Nombre de la editorial, distribuidor, etc. Graficas Goes,
Fecha de publicación, distribución, etc. 1986.
300 ## - DESCRIPCIÓN FÍSICA
Nº de Páginas Extensión 165 paginas ;
Dimensiones 25cm.
505 ## - NOTA DE CONTENIDO CON FORMATO
Nota de contenido formateada Acto primero -- Acto Segundo -- Acto Tercero -- Acto Cuarto -- Generales...
650 ## - PUNTO DE ACCESO ADICIONAL DE MATERIA--TÉRMINO DE MATERIA
Descriptor Actividades literarias
9 (RLIN) 3618
650 ## - PUNTO DE ACCESO ADICIONAL DE MATERIA--TÉRMINO DE MATERIA
Descriptor Coleccion de teatro
9 (RLIN) 3619
650 ## - PUNTO DE ACCESO ADICIONAL DE MATERIA--TÉRMINO DE MATERIA
Descriptor Hispanoamerica
9 (RLIN) 886
650 ## - PUNTO DE ACCESO ADICIONAL DE MATERIA--TÉRMINO DE MATERIA
Descriptor Colonización
9 (RLIN) 3620
942 ## - ELEMENTOS DE PUNTO DE ACCESO ADICIONAL (KOHA)
Fuente de clasificación
Tipo de item Libros-BMC
945 ## - PROCESAMIENTO DE INFORMACIÓN LOCAL (OCLC)
Catalogador pjha
AAAA-MM-DD - Fecha de ingreso o modificacion 2019-02-25
Holdings
Estado de retiro (separado) Fuente de clasificación o esquema de estanterías Estado dañado Ubicación Sala donde se ubica Nombre de la colección Fecha de adquisición o compra Costo, precio normal en soles Signatura topográfica Código de Barras Última vez visto (Koha) Tipo de ítem (Koha)
No     Sala Humanidades Sala Humanidades Book Cart 2019-02-25 25.00 868.6 / SA18 / e.2 SH0000001034 2019-02-25 Libros-BMC
No     Sala Humanidades Sala Humanidades Book Cart 2019-02-26 25.00 868.6 / SA18 SH0000001130 2019-02-26 Libros-BMC

Powered by Koha